000 00839nam a2200241 i 4500
001 bg
003 BPK
005 20220728111948.0
008 020910s1977 pl a ||001 0 pol
015 _aPB 1977/10584
040 _aWA N
_cBPK
041 0 _apol
080 _a911.3:33](6)
100 1 _aDobosiewicz, Zbigniew
_d(1939-2014)
_eAutor
245 1 0 _aGeografia ekonomiczna Afryki /
_cZbigniew Dobosiewicz.
260 _aWarszawa :
_bPańst. Wydaw. Ekonomiczne,
_c1977.
300 _a508 s., [16] k. tabl. :
_bil., mapy, tab., wykr. ;
_c25 cm.
504 _aBibliogr. Indeks.
651 4 _aAfryka
_xgospodarka
_xgeografia.
710 2 _aPaństwowe Wydawnictwo Ekonomiczne
_4pbl.
942 _2UKD
_cKS
856 _uhttp://koha.tu.koszalin.pl/cgi-bin/koha/opac-detail.pl?biblionumber=17604
_yKatalog online BPK
999 _c17604
_d17604